| 000 | 00508nam a2200169Ia 4500 | ||
|---|---|---|---|
| 008 | 220216s9999 xx 000 0 und d | ||
| 100 | _aNicole Michel R | ||
| 245 | 0 | _aCytochemical aspects of cellulose breakdown during the infection process of rubber tree roots by Rigidoporus lignosus | |
| 260 |
_bPhytopathology _c1991 |
||
| 300 | _a1412-1420 | ||
| 500 | _aSource Year: 1992 | ||
| 650 | _aRigidoporus lignosus | ||
| 650 | _aRubber trees | ||
| 700 |
_aNicole _BBenhamou |
||
| 856 | _uBA | ||
| 942 | _cJS | ||
| 999 |
_c56701 _d56701 |
||